000 00256nam a2200097Ia 4500
001 644879
005 20250826153613.0
008 250824s9999 xx 000 0 und d
245 0 _aDoğanın Bir yılı OCAK
_cRUTH SYMONS
260 _bTÜBİTAK POPÜLER BİLİM
999 _c644879
_d644879